| 000 | 00521nam a2200193Ia 4500 | ||
|---|---|---|---|
| 005 | 20240823030004.0 | ||
| 008 | 240823s9999||||xx |||||||||||||| ||und|| | ||
| 020 | _a978-81-203-3446-5 | ||
| 041 | _aENGLISH | ||
| 082 | _A624.177 P7 | ||
| 100 | _a"Chopra,Anil.K" | ||
| 245 | 0 | _aDynamics of Structures : Theory and Applications of Earthquake Engineering | |
| 250 | _aIIIrd | ||
| 260 |
_c2007 _b"Pearson Education,New " |
||
| 500 | _aYES | ||
| 650 |
_aDynamics of Structures _bCivil |
||
| 942 | _cBK | ||
| 999 |
_c187628 _d187628 |
||